Statistics for Can you name the US states that touch canada?

Click here to take the quiz!

General Stats

  • This quiz has been taken 1,019 times
  • The average score is 10 of 11

Answer Stats

US state% Correct
washington
98%
montana
96%
maine
95%
michigan
95%
north dakota
95%
new york
94%
minnesota
92%
vermont
91%
idaho
90%
new hampshire
86%
alaska
71%

Score Distribution

Percentile by Number Answered

Percent of People with Each Score

Your Score History

You have not taken this quiz